[Event "34. Torneo Internacional La Roda"]
[Site "La Roda ESP"]
[Date "2007.04.05"]
[Round "2.9"]
[White "Rizouk, Aimen"]
[Black "Martinez Lozano, Miguel Angel"]
[Result "1/2-1/2"]
[WhiteElo "2484"]
[BlackElo "2194"]
[PlyCount "92"]
[EventDate "2007.04.04"]
[EventType "swiss"]
[EventRounds "9"]
[EventCountry "ESP"]
[Source "lmi"]
[SourceDate "2007.04.04"]

1. e4 c5 2. Nf3 d6 3. d4 cxd4 4. Nxd4 Nf6 5. Nc3 a6 6. Be3 e5 7. Nb3 Be6 8. Qd2
Be7 9. f3 O-O 10. O-O-O b5 11. g4 b4 12. Ne2 a5 13. Kb1 Qc7 14. g5 Nfd7 15. Ng3
Rc8 16. f4 a4 17. Nc1 b3 18. cxb3 axb3 19. f5 Qc2+ 20. Ka1 Bc4 21. f6 Bf8 22.
fxg7 Bxg7 23. Nf5 Nc6 24. Qxc2 bxc2 25. Bxc4 cxd1=Q 26. Rxd1 Bf8 27. Nxd6 Bxd6
28. Rxd6 Nb4 29. Bb3 Nc5 30. Bxc5 Rxc5 31. Ne2 Rac8 32. Nc3 Kg7 33. a3 Nc6 34.
Rd7 Rf8 35. Ka2 Nd4 36. Bd5 Nf3 37. a4 Nxg5 38. Kb3 Rb8+ 39. Kc2 Rb4 40. a5
Rxa5 41. h4 Nh3 42. Bxf7 Nf4 43. Nd5 Rc5+ 44. Kb1 Nxd5 45. Bxd5+ Kh6 46. Re7
Rcb5 1/2-1/2

[Event "34. Torneo Internacional La Roda"]
[Site "La Roda ESP"]
[Date "2007.04.05"]
[Round "2.10"]
[White "Sanchez Jerez, Emilio"]
[Black "Borges Mateos, Juan"]
[Result "0-1"]
[WhiteElo "2174"]
[BlackElo "2482"]
[PlyCount "50"]
[EventDate "2007.04.04"]
[EventType "swiss"]
[EventRounds "9"]
[EventCountry "ESP"]
[Source "lmi"]
[SourceDate "2007.04.04"]

1. e4 e6 2. d4 c5 3. c3 d5 4. e5 Qb6 5. Nf3 Bd7 6. Bd3 cxd4 7. cxd4 Nc6 8. O-O
Nxd4 9. Nbd2 h6 10. Nxd4 Qxd4 11. Nf3 Qb6 12. Be3 Bc5 13. Bxc5 Qxc5 14. Qd2 Ne7
15. b4 Qb6 16. b5 O-O 17. Rab1 Rac8 18. a4 Rc5 19. Rb4 Rfc8 20. Rh4 Rc3 21. g4
Ng6 22. Bxg6 fxg6 23. g5 Rxf3 24. gxh6 Qd8 25. Qd4 Rc4 0-1

[Event "34. Torneo Internacional La Roda"]
[Site "La Roda ESP"]
[Date "2007.04.05"]
[Round "2.11"]
[White "Krivoshey, Sergei"]
[Black "Vaya Gomez, Alejandro"]
[Result "1-0"]
[WhiteElo "2475"]
[BlackElo "2166"]
[PlyCount "91"]
[EventDate "2007.04.04"]
[EventType "swiss"]
[EventRounds "9"]
[EventCountry "ESP"]
[Source "lmi"]
[SourceDate "2007.04.04"]

1. Nf3 g6 2. d4 Bg7 3. c4 d6 4. Nc3 c6 5. e4 Nd7 6. Be2 e5 7. O-O Ngf6 8. Be3
Qc7 9. d5 c5 10. Ne1 O-O 11. Nd3 Ne8 12. Qd2 a6 13. b3 Rb8 14. Rab1 Qd8 15. b4
b6 16. a3 Qe7 17. Na4 f5 18. f3 Nef6 19. exf5 gxf5 20. bxc5 bxc5 21. Rxb8 Nxb8
22. Nb6 Qc7 23. Nxc8 Rxc8 24. Qc2 Nbd7 25. Nf2 e4 26. fxe4 Re8 27. Bf4 Nxe4 28.
Nh3 Bd4+ 29. Kh1 Ndf6 30. Bh6 Qf7 31. Bc1 Qg6 32. Nf4 Qh6 33. Nh5 Qg6 34. Nf4
Qh6 35. Nh5 Qg6 36. Nxf6+ Qxf6 37. g3 Qg6 38. Bf4 Rb8 39. Rb1 Qe8 40. Rxb8 Qxb8
41. Bd3 Qf8 42. Bxe4 fxe4 43. Qxe4 Kh8 44. Kg2 Qf6 45. Qe8+ Kg7 46. Qd7+ 1-0

[Event "34. Torneo Internacional La Roda"]
[Site "La Roda ESP"]
[Date "2007.04.05"]
[Round "2.13"]
[White "Pogorelov, Ruslan"]
[Black "Robles Garcia, Claudia"]
[Result "1-0"]
[WhiteElo "2462"]
[BlackElo "2153"]
[PlyCount "71"]
[EventDate "2007.04.04"]
[EventType "swiss"]
[EventRounds "9"]
[EventCountry "ESP"]
[Source "lmi"]
[SourceDate "2007.04.04"]

1. c4 c5 2. Nf3 Nc6 3. d4 cxd4 4. Nxd4 Nf6 5. Nc3 e6 6. a3 Be7 7. e4 O-O 8. Nf3
Qc7 9. Be2 b6 10. O-O Bb7 11. Bg5 Rfd8 12. Rc1 Qb8 13. Bh4 d6 14. Qc2 Ne5 15.
Nxe5 dxe5 16. b4 Rd4 17. f3 Qd8 18. Rfd1 Bc6 19. Bf2 Rxd1+ 20. Rxd1 Qc7 21. c5
bxc5 22. Nb5 Qb7 23. Bxc5 Bxc5+ 24. Qxc5 Nd7 25. Qc4 h6 26. Nd6 Qb6+ 27. Kf1
Ba4 28. Rd2 a6 29. Qc3 Rb8 30. Nc4 Qc7 31. Qe3 Bb5 32. Na5 Bxe2+ 33. Qxe2 Ra8
34. Rc2 Qb6 35. Qd3 Nf6 36. Rc6 1-0

[Event "34. Torneo Internacional La Roda"]
[Site "La Roda ESP"]
[Date "2007.04.05"]
[Round "2.14"]
[White "Moreto Quintana, Alex"]
[Black "Koziak, Vitali"]
[Result "0-1"]
[WhiteElo "2153"]
[BlackElo "2461"]
[PlyCount "60"]
[EventDate "2007.04.04"]
[EventType "swiss"]
[EventRounds "9"]
[EventCountry "ESP"]
[Source "lmi"]
[SourceDate "2007.04.04"]

1. d4 f5 2. Nc3 d5 3. Bf4 Nf6 4. e3 e6 5. Bd3 c5 6. dxc5 Bxc5 7. Nf3 O-O 8. O-O
Nc6 9. Nb5 Qe7 10. Ne5 a6 11. Nxc6 bxc6 12. Nd4 Bd7 13. Nf3 Bd6 14. Ne5 Be8 15.
c4 Qc7 16. Nf3 Bxf4 17. exf4 Qxf4 18. Qe2 Ne4 19. cxd5 cxd5 20. Bxa6 Bh5 21.
Bb5 Rf6 22. Qe3 Qb8 23. Bc6 Ra6 24. Nd4 f4 25. Qd3 Rb6 26. f3 Rxb2 27. fxe4 Rg6
28. g3 fxg3 29. h3 g2 30. Rfb1 Qh2+ 0-1

[Event "34. Torneo Internacional La Roda"]
[Site "La Roda ESP"]
[Date "2007.04.05"]
[Round "2.15"]
[White "Petkov, Vladimir"]
[Black "Gomez Roca, Vicente"]
[Result "1-0"]
[WhiteElo "2456"]
[BlackElo "2141"]
[PlyCount "53"]
[EventDate "2007.04.04"]
[EventType "swiss"]
[EventRounds "9"]
[EventCountry "ESP"]
[Source "lmi"]
[SourceDate "2007.04.04"]

1. d4 d5 2. c4 e6 3. Nc3 Nf6 4. Bg5 Nbd7 5. cxd5 exd5 6. e3 c6 7. Bd3 Be7 8.
Qc2 O-O 9. Nf3 Re8 10. O-O Ne4 11. Bf4 Ndf6 12. Ne5 Nxc3 13. bxc3 c5 14. Rab1
b6 15. Bb5 Bd7 16. Nxd7 Nxd7 17. Qa4 a6 18. Bxd7 b5 19. Bxb5 axb5 20. Qxb5 cxd4
21. cxd4 Rxa2 22. Ra1 Rxa1 23. Rxa1 Rf8 24. Qc6 Bg5 25. Bd6 Re8 26. h3 h5 27.
Ra7 1-0

[Event "34. Torneo Internacional La Roda"]
[Site "La Roda ESP"]
[Date "2007.04.05"]
[Round "2.16"]
[White "Moran Rodriguez, Luciano"]
[Black "Mateo, Ramon"]
[Result "0-1"]
[WhiteElo "2139"]
[BlackElo "2448"]
[PlyCount "130"]
[EventDate "2007.04.04"]
[EventType "swiss"]
[EventRounds "9"]
[EventCountry "ESP"]
[Source "lmi"]
[SourceDate "2007.04.04"]

1. e4 c5 2. Nf3 e6 3. d4 cxd4 4. Nxd4 a6 5. Bd3 g6 6. Nc3 Bg7 7. Nb3 d6 8. O-O
Nc6 9. Bf4 Nge7 10. Qd2 h6 11. Rad1 g5 12. Bg3 Ng6 13. Be2 Be5 14. Bxe5 dxe5
15. Qxd8+ Nxd8 16. Na4 Nf4 17. Rfe1 b5 18. Nb6 Rb8 19. Nxc8 Rxc8 20. c3 Nxe2+
21. Rxe2 Nb7 22. Red2 Rc7 23. Na5 Ke7 24. Nxb7 Rxb7 25. Kf1 Rc8 26. Rd6 a5 27.
Ra6 b4 28. Rxa5 bxc3 29. bxc3 Rxc3 30. Rd2 Kf6 31. Ra4 g4 32. Ke2 Rc1 33. h4
gxh3 34. gxh3 Rc3 35. f3 Kg5 36. Ra8 Kf4 37. Rh8 Re3+ 38. Kd1 Rxf3 39. Rxh6
Kxe4 40. a4 Rbb3 41. Ra2 Rxh3 42. Rf6 Rbf3 43. Rxf3 Rxf3 44. a5 Rd3+ 45. Ke2
Rd7 46. a6 Ra7 47. Kf2 Kd5 48. Ke3 f5 49. Ra5+ Kc4 50. Rxe5 Rxa6 51. Kf4 Kd3
52. Re1 Ra4+ 53. Kf3 Re4 54. Ra1 Kd4 55. Ra5 Re1 56. Kf2 Rc1 57. Kf3 e5 58. Ra6
Rc3+ 59. Ke2 f4 60. Rf6 Rc2+ 61. Kf3 e4+ 62. Kg4 f3 63. Kg3 Rg2+ 64. Kf4 f2 65.
Rd6+ Kc4 0-1

[Event "34. Torneo Internacional La Roda"]
[Site "La Roda ESP"]
[Date "2007.04.05"]
[Round "2.17"]
[White "Fernandez Romero, Ernesto"]
[Black "Guetas Sanchez, Hugo"]
[Result "1-0"]
[WhiteElo "2437"]
[BlackElo "2135"]
[PlyCount "77"]
[EventDate "2007.04.04"]
[EventType "swiss"]
[EventRounds "9"]
[EventCountry "ESP"]
[Source "lmi"]
[SourceDate "2007.04.04"]

1. e4 d5 2. exd5 Nf6 3. Nf3 Qxd5 4. Nc3 Qa5 5. d4 Ne4 6. Bd2 Nxd2 7. Qxd2 e6 8.
Bd3 Bb4 9. O-O O-O 10. Rfe1 Nc6 11. Qf4 h6 12. Re3 f6 13. Nb5 Rf7 14. c3 Bf8
15. b4 Qb6 16. a4 a5 17. bxa5 Nxa5 18. Qg4 c6 19. Qg6 f5 20. Rxe6 Bxe6 21. Qxe6
Qd8 22. Ne5 Qf6 23. Qxf7+ Qxf7 24. Nxf7 Kxf7 25. Na3 Kf6 26. Nc2 c5 27. Rb1 g6
28. Rb6+ Kg7 29. g3 Rc8 30. Rb5 cxd4 31. Nxd4 Rxc3 32. Bxf5 gxf5 33. Rxa5 Kg6
34. Rxf5 Bc5 35. Rf4 Ra3 36. Nf3 Bd6 37. Nh4+ Kg5 38. Rf5+ Kg4 39. Kg2 1-0

[Event "34. Torneo Internacional La Roda"]
[Site "La Roda ESP"]
[Date "2007.04.05"]
[Round "2.18"]
[White "Garcia Gata, Jorge D"]
[Black "Bellon Lopez, Juan Manuel"]
[Result "1/2-1/2"]
[WhiteElo "2134"]
[BlackElo "2425"]
[PlyCount "117"]
[EventDate "2007.04.04"]
[EventType "swiss"]
[EventRounds "9"]
[EventCountry "ESP"]
[Source "lmi"]
[SourceDate "2007.04.04"]

1. d4 Nf6 2. Nf3 c5 3. d5 d6 4. Nc3 Qa5 5. Bd2 b5 6. Ne4 Qb6 7. Nxf6+ exf6 8.
e4 g6 9. a4 b4 10. Bb5+ Bd7 11. Bxd7+ Nxd7 12. O-O Bg7 13. a5 Qb5 14. Bf4 Ne5
15. Bxe5 fxe5 16. b3 Bh6 17. Nd2 Bxd2 18. Qxd2 O-O 19. f4 exf4 20. Qxf4 Rae8
21. Rae1 Re5 22. Qf6 Qd7 23. Rf4 Qe7 24. Kf2 Rd8 25. Qxe7 Rxe7 26. Ke3 f5 27.
Kd3 Re5 28. Ref1 fxe4+ 29. Rxe4 Rxe4 30. Kxe4 Kg7 31. Kd3 Re8 32. a6 Rb8 33.
Re1 Kf8 34. Rf1+ Ke8 35. Re1+ Kd8 36. Rf1 Rb6 37. Rf7 Rxa6 38. Rxh7 Ra1 39. Rg7
Rd1+ 40. Ke2 Rxd5 41. Rxa7 Rg5 42. g3 Rh5 43. h4 g5 44. hxg5 Rxg5 45. Kf3 Rh5
46. Ke4 Re5+ 47. Kf3 Rd5 48. Ke3 Rd1 49. g4 Ke8 50. g5 Rg1 51. Kf4 Rg2 52. Kf5
Kf8 53. Kf6 Rf2+ 54. Ke6 Rxc2 55. Kxd6 c4 56. bxc4 Rxc4 57. Rb7 Rg4 58. Kc5
Rxg5+ 59. Kxb4 1/2-1/2

[Event "34. Torneo Internacional La Roda"]
[Site "La Roda ESP"]
[Date "2007.04.05"]
[Round "2.19"]
[White "Saldano, Horacio"]
[Black "Sanchez Raboso, Vicente"]
[Result "1-0"]
[WhiteElo "2422"]
[BlackElo "2122"]
[PlyCount "96"]
[EventDate "2007.04.04"]
[EventType "swiss"]
[EventRounds "9"]
[EventCountry "ESP"]
[Source "lmi"]
[SourceDate "2007.04.04"]

1. c4 e6 2. Nc3 d5 3. d4 Nf6 4. Bg5 Be7 5. Nf3 h6 6. Bxf6 Bxf6 7. e3 b6 8. Qb3
Bb7 9. cxd5 exd5 10. Rd1 O-O 11. Bd3 c5 12. dxc5 Nd7 13. c6 Bxc6 14. O-O Nc5
15. Qc2 Qe7 16. Bb5 Bxb5 17. Nxb5 Qe4 18. Qd2 Rfd8 19. Nfd4 Rd7 20. b4 Ne6 21.
a3 Qg6 22. f4 Nxd4 23. Nxd4 Qe4 24. Rc1 Re8 25. Rf3 Bxd4 26. exd4 Qe2 27. Qc3
Rde7 28. h3 Re3 29. Rxe3 Rxe3 30. Qc8+ Re8 31. Qc3 Re3 32. Qc8+ Re8 33. Qc6 Re6
34. Qa8+ Re8 35. Rc8 Qe3+ 36. Kh1 Rxc8 37. Qxc8+ Kh7 38. Qf5+ Kg8 39. Qc8+ Kh7
40. Qc2+ Kg8 41. Qc8+ Kh7 42. Qc7 f6 43. Qc2+ Qe4 44. Qxe4+ dxe4 45. f5 h5 46.
Kg1 g6 47. d5 Kg7 48. d6 Kf7 1-0

[Event "34. Torneo Internacional La Roda"]
[Site "La Roda ESP"]
[Date "2007.04.05"]
[Round "2.20"]
[White "Minzer, Claudio Javier"]
[Black "Jordan Martinez, David"]
[Result "1/2-1/2"]
[WhiteElo "2414"]
[BlackElo "2120"]
[PlyCount "180"]
[EventDate "2007.04.04"]
[EventType "swiss"]
[EventRounds "9"]
[EventCountry "ESP"]
[Source "lmi"]
[SourceDate "2007.04.04"]

1. c4 e5 2. g3 Nf6 3. Bg2 Bc5 4. Nc3 O-O 5. a3 a6 6. e3 d6 7. Nge2 c6 8. O-O
Be6 9. d4 Ba7 10. d5 Bd7 11. b3 Qe7 12. Ra2 h6 13. dxc6 Bxc6 14. Rd2 Rd8 15.
Nd5 Nxd5 16. Bxd5 Bxd5 17. Rxd5 Nc6 18. Nc3 Rac8 19. Bb2 Qe6 20. Rd2 Ne7 21.
Nd5 Nxd5 22. Rxd5 Rc5 23. Qd3 Rxd5 24. cxd5 Qd7 25. Rc1 Rc8 26. Rc4 Rc5 27.
Rxc5 Bxc5 28. a4 Qc7 29. Qc4 Bb6 30. Qxc7 Bxc7 31. e4 g6 32. Kf1 f5 33. f3 fxe4
34. fxe4 Kf7 35. Ke2 Kg7 36. Kd3 Kf7 37. Kc4 Ke7 38. Bc1 h5 39. Bg5+ Kd7 40. h3
Ke8 41. Kd3 Kf7 42. Ke2 Ke8 43. Kf3 Bd8 44. Be3 Kf7 45. g4 Kg7 46. Bd2 Kh7 47.
gxh5 gxh5 48. Bb4 Be7 49. Ba5 Kg6 50. Bb6 Kf7 51. Ke2 Ke8 52. Kd3 Kd7 53. Kc4
Bh4 54. b4 Be7 55. b5 axb5+ 56. Kxb5 Kc8 57. Be3 Kc7 58. Bc1 Kc8 59. Bd2 Bd8
60. Bb4 Be7 61. a5 Kc7 62. Bd2 Bf6 63. Bh6 Be7 64. Be3 Kc8 65. a6 bxa6+ 66. Kc6
a5 67. Bc1 a4 68. Ba3 Kd8 69. Kb5 Kd7 70. Kxa4 Ke8 71. Kb5 Kd7 72. Bc1 Bf6 73.
Bh6 Be7 74. Kb6 Bd8+ 75. Kb7 Be7 76. Bg7 Bd8 77. Bf8 Bf6 78. Kb6 Bg5 79. Kb5
Bf6 80. Kc4 Bh4 81. Bh6 Be7 82. Kd3 Ke8 83. Bd2 Kd7 84. Ke2 Ke8 85. Kf3 Kf7 86.
Ba5 Kg6 87. Bc7 Kf7 88. Kg3 Kg6 89. Bb8 Bf8 90. Ba7 Be7 1/2-1/2

[Event "34. Torneo Internacional La Roda"]
[Site "La Roda ESP"]
[Date "2007.04.05"]
[Round "3.1"]
[White "Spassov, Liuben"]
[Black "Khamrakulov, Ibragim S"]
[Result "0-1"]
[WhiteElo "2389"]
[BlackElo "2545"]
[PlyCount "92"]
[EventDate "2007.04.04"]
[EventType "swiss"]
[EventRounds "9"]
[EventCountry "ESP"]
[Source "lmi"]
[SourceDate "2007.04.04"]

1. d4 Nf6 2. c4 e6 3. Nf3 b6 4. g3 Ba6 5. b3 Bb4+ 6. Bd2 Be7 7. Bg2 Bb7 8. Nc3
d5 9. cxd5 Nxd5 10. Nxd5 Bxd5 11. Qc2 Nd7 12. O-O O-O 13. e4 Bb7 14. Bc3 c5 15.
d5 exd5 16. exd5 Bf6 17. Rad1 Re8 18. Rd2 Bxc3 19. Qxc3 Qf6 20. Qc2 Rad8 21.
Rfd1 Qd6 22. Nh4 g6 23. Bf3 Ba6 24. Bg2 Re7 25. Nf3 Rde8 26. h4 Nf6 27. Bf1 Bb7
28. Bb5 Rf8 29. Bc4 Bc8 30. Re1 Rfe8 31. Rde2 Rxe2 32. Rxe2 Rxe2 33. Qxe2 Bb7
34. Ng5 b5 35. Bxb5 Qxd5 36. f3 h6 37. Ne4 Nxe4 38. fxe4 Qd4+ 39. Kf1 Bxe4 40.
Bc4 Kg7 41. a4 f5 42. Bb5 Kf6 43. Bc4 Ke5 44. Bb5 Qc3 45. Qe1 Qxe1+ 46. Kxe1
Bd5 0-1

[Event "34. Torneo Internacional La Roda"]
[Site "La Roda ESP"]
[Date "2007.04.05"]
[Round "3.2"]
[White "Pomes Marcet, Juan"]
[Black "Suba, Mihai"]
[Result "0-1"]
[WhiteElo "2388"]
[BlackElo "2537"]
[PlyCount "86"]
[EventDate "2007.04.04"]
[EventType "swiss"]
[EventRounds "9"]
[EventCountry "ESP"]
[Source "lmi"]
[SourceDate "2007.04.04"]

1. d4 Nf6 2. c4 e6 3. Nc3 Bb4 4. e3 b6 5. Nge2 c5 6. a3 Ba5 7. Rb1 Na6 8. Qa4
Bb7 9. Bd2 Bc6 10. Qc2 Rc8 11. d5 exd5 12. cxd5 Bb7 13. Ng3 O-O 14. e4 Re8 15.
Be2 c4 16. O-O Nc5 17. f3 b5 18. Kh1 a6 19. Nf5 d6 20. Bg5 Ra8 21. Nd1 Nb3 22.
Nde3 Bc8 23. Rbd1 Bb6 24. Qc3 Bxe3 25. Bxf6 Qxf6 26. Qxf6 gxf6 27. Nxe3 f5 28.
Rfe1 fxe4 29. Bxc4 exf3 30. Bxb3 f2 31. Rf1 Rxe3 32. Bc2 Re2 33. Rc1 Bb7 34.
Bd3 Rxb2 35. Be4 Rc8 36. Rcd1 Rc4 37. Bf3 Rc3 38. h3 a5 39. Kh2 Rxa3 40. Kg3
Raa2 41. Rd4 b4 42. Rg4+ Kf8 43. Rh4 Ba6 0-1

[Event "34. Torneo Internacional La Roda"]
[Site "La Roda ESP"]
[Date "2007.04.05"]
[Round "3.3"]
[White "Mirzoev, Azer"]
[Black "Guerra Bastida, Diego"]
[Result "1-0"]
[WhiteElo "2535"]
[BlackElo "2371"]
[PlyCount "133"]
[EventDate "2007.04.04"]
[EventType "swiss"]
[EventRounds "9"]
[EventCountry "ESP"]
[Source "lmi"]
[SourceDate "2007.04.04"]

1. Nf3 Nf6 2. c4 e6 3. Nc3 b6 4. g3 Bb7 5. Bg2 Be7 6. O-O O-O 7. Re1 d5 8. cxd5
exd5 9. d4 Na6 10. Qb3 c5 11. dxc5 Nxc5 12. Qd1 Nfe4 13. Nb5 Bf6 14. Nbd4 Re8
15. Bf4 Qd7 16. Rc1 Rac8 17. Rc2 a5 18. Be3 h6 19. Nd2 Nd6 20. b3 a4 21. N2f3
axb3 22. axb3 Nce4 23. Qb1 Rxc2 24. Qxc2 Rc8 25. Qa2 Nc3 26. Qd2 Nde4 27. Qd3
Ra8 28. Bd2 Nxd2 29. Qxd2 Ne4 30. Qf4 Rc8 31. h4 Nc5 32. Nf5 Qc7 33. Nxh6+ Kf8
34. Qf5 Re8 35. Nh2 Re5 36. Qh7 gxh6 37. Ng4 Bg7 38. Nxe5 Qxe5 39. Qc2 Kg8 40.
Rd1 Ne4 41. e3 Ba6 42. Qc6 Nc3 43. Re1 Bd3 44. Qxb6 Be4 45. Bxe4 Qxe4 46. Rf1
Qf3 47. Qb8+ Kh7 48. Kh2 Ne2 49. b4 d4 50. exd4 Nxd4 51. Qf4 Qd5 52. Qg4 Nf3+
53. Kh3 f5 54. Qf4 Nd4 55. Rd1 Qc6 56. b5 Qf6 57. Rb1 Ne6 58. Qf3 Nd4 59. Qd5
Qg6 60. Rb4 Qg4+ 61. Kg2 f4 62. Qe4+ Nf5 63. b6 Kg8 64. Qd5+ Kh8 65. Rxf4 Nxh4+
66. Kh2 Qe2 67. b7 1-0

[Event "34. Torneo Internacional La Roda"]
[Site "La Roda ESP"]
[Date "2007.04.05"]
[Round "3.4"]
[White "Ivanov, Jordan"]
[Black "Paunovic, Dragan"]
[Result "1/2-1/2"]
[WhiteElo "2381"]
[BlackElo "2524"]
[PlyCount "29"]
[EventDate "2007.04.04"]
[EventType "swiss"]
[EventRounds "9"]
[EventCountry "ESP"]
[Source "lmi"]
[SourceDate "2007.04.04"]

1. d4 d5 2. Nf3 Nf6 3. c4 c6 4. e3 Bf5 5. Nc3 e6 6. Nh4 Bg6 7. Be2 Nbd7 8. Bd2
Be7 9. Nxg6 hxg6 10. Qc2 Qc7 11. h3 Rc8 12. e4 Nxe4 13. Nxe4 dxe4 14. Qxe4 Nf6
15. Qc2 1/2-1/2

[Event "34. Torneo Internacional La Roda"]
[Site "La Roda ESP"]
[Date "2007.04.05"]
[Round "3.5"]
[White "Vitor, Antonio"]
[Black "Velicka, Petr"]
[Result "1/2-1/2"]
[WhiteElo "2367"]
[BlackElo "2504"]
[PlyCount "32"]
[EventDate "2007.04.04"]
[EventType "swiss"]
[EventRounds "9"]
[EventCountry "ESP"]
[Source "lmi"]
[SourceDate "2007.04.04"]

1. Nf3 d5 2. d4 Nf6 3. c4 c6 4. Nc3 a6 5. e3 b5 6. c5 Bg4 7. h3 Bxf3 8. gxf3
Nbd7 9. f4 e6 10. Bd3 g6 11. Bd2 a5 12. a3 Be7 13. b4 axb4 14. axb4 O-O 15. Ke2
Rxa1 16. Qxa1 Qa8 1/2-1/2

[Event "34. Torneo Internacional La Roda"]
[Site "La Roda ESP"]
[Date "2007.04.05"]
[Round "3.6"]
[White "Radulski, Julian"]
[Black "Antoli Royo, Joaquin Miguel"]
[Result "1-0"]
[WhiteElo "2485"]
[BlackElo "2356"]
[PlyCount "37"]
[EventDate "2007.04.04"]
[EventType "swiss"]
[EventRounds "9"]
[EventCountry "ESP"]
[Source "lmi"]
[SourceDate "2007.04.04"]

1. e4 c5 2. Nf3 Nc6 3. d4 cxd4 4. Nxd4 Qc7 5. f4 e6 6. Nb5 Qb8 7. e5 a6 8. Nd6+
Bxd6 9. exd6 Nf6 10. Nc3 b5 11. Be3 Bb7 12. Qd2 Nb4 13. Bc5 Nbd5 14. Nxd5 Bxd5
15. Bd3 O-O 16. O-O Ne8 17. f5 Nf6 18. Rae1 Qd8 19. Bd4 1-0

[Event "34. Torneo Internacional La Roda"]
[Site "La Roda ESP"]
[Date "2007.04.05"]
[Round "3.7"]
[White "Borges Mateos, Juan"]
[Black "Kovacevic, Slobodan"]
[Result "1/2-1/2"]
[WhiteElo "2482"]
[BlackElo "2325"]
[PlyCount "35"]
[EventDate "2007.04.04"]
[EventType "swiss"]
[EventRounds "9"]
[EventCountry "ESP"]
[Source "lmi"]
[SourceDate "2007.04.04"]

1. Nf3 c5 2. c4 Nf6 3. Nc3 e6 4. g3 b6 5. Bg2 Bb7 6. O-O a6 7. Re1 d6 8. e4
Nbd7 9. d4 cxd4 10. Nxd4 Qc7 11. b3 Be7 12. Nd5 exd5 13. exd5 Ne5 14. Nf5 O-O
15. Nxe7+ Qxe7 16. f4 Nfd7 17. fxe5 Nxe5 18. Be3 1/2-1/2

[Event "34. Torneo Internacional La Roda"]
[Site "La Roda ESP"]
[Date "2007.04.05"]
[Round "3.8"]
[White "Sanchez Jimenez, Juan Carlos"]
[Black "Krivoshey, Sergei"]
[Result "0-1"]
[WhiteElo "2278"]
[BlackElo "2475"]
[PlyCount "107"]
[EventDate "2007.04.04"]
[EventType "swiss"]
[EventRounds "9"]
[EventCountry "ESP"]
[Source "lmi"]
[SourceDate "2007.04.04"]

1. d4 Nf6 2. Nf3 e6 3. c4 c5 4. d5 b5 5. Bg5 exd5 6. cxd5 d6 7. e4 a6 8. a4 Be7
9. Bxf6 Bxf6 10. axb5 Bxb2 11. Ra2 Bf6 12. Nbd2 O-O 13. Bd3 Bb7 14. O-O axb5
15. Rxa8 Bxa8 16. Bxb5 Bb7 17. Qa4 Qe7 18. Qa7 Ba6 19. Qxe7 Bxe7 20. Bxa6 Nxa6
21. Ra1 Nb4 22. Ra7 Re8 23. Nc4 Bf8 24. Rd7 Rxe4 25. Nxd6 Re7 26. Rd8 Nxd5 27.
Nc8 Rb7 28. g3 Nf6 29. Ne5 g6 30. Nd6 Rc7 31. Nec4 Kg7 32. Ne8+ Nxe8 33. Rxe8
Be7 34. Ne3 Bf6 35. Re4 Bd4 36. Nc2 Bb2 37. Rc4 f5 38. Nb4 Bd4 39. Nc2 Be5 40.
f4 Bf6 41. Kg2 Kf7 42. Nb4 Ke6 43. Kf3 Bd4 44. Nc2 Kd5 45. Ra4 Rb7 46. Ke2 c4
47. Ra2 Rb2 48. Rxb2 Bxb2 49. Ke3 Bf6 50. h3 Be7 51. g4 Bc5+ 52. Kf3 Bb6 53.
Nb4+ Kc5 54. Nc2 0-1

[Event "34. Torneo Internacional La Roda"]
[Site "La Roda ESP"]
[Date "2007.04.05"]
[Round "3.9"]
[White "Rodriguez Cordon, Luis"]
[Black "Pogorelov, Ruslan"]
[Result "1/2-1/2"]
[WhiteElo "2264"]
[BlackElo "2462"]
[PlyCount "140"]
[EventDate "2007.04.04"]
[EventType "swiss"]
[EventRounds "9"]
[EventCountry "ESP"]
[Source "lmi"]
[SourceDate "2007.04.04"]

1. d4 Nf6 2. c4 e6 3. Nc3 Bb4 4. a3 Bxc3+ 5. bxc3 O-O 6. f3 Ne8 7. e4 b6 8. Bd3
Nc6 9. a4 Ba6 10. Ba3 d6 11. f4 f5 12. e5 Na5 13. Qe2 Qh4+ 14. g3 Qg4 15. Nf3
Bxc4 16. Bxc4 Nxc4 17. Ng5 Qxe2+ 18. Kxe2 h6 19. Kd3 Nxe5+ 20. dxe5 hxg5 21.
fxg5 c5 22. Rhe1 dxe5 23. Rxe5 Rd8+ 24. Kc2 Nc7 25. a5 f4 26. gxf4 Rxf4 27.
axb6 axb6 28. Bc1 Rf2+ 29. Kb3 Rf3 30. g6 Nb5 31. Be3 Re8 32. h4 Nd4+ 33. cxd4
cxd4 34. Kc4 dxe3 35. Ra7 b5+ 36. Kd3 Rf6 37. h5 Rf5 38. Rxe3 Rd5+ 39. Kc3 Rc8+
40. Kb3 Rxh5 41. Rxe6 Rg5 42. Rb6 Rf8 43. Rab7 Rf3+ 44. Kb4 Rf4+ 45. Kc3 Rg3+
46. Kd2 Rf2+ 47. Ke1 Rf8 48. Rxb5 Rxg6 49. Rb8 Re6+ 50. Kd2 Rxb8 51. Rxb8+ Kf7
52. Rb1 Re5 53. Kd3 g5 54. Rg1 Kg6 55. Kd4 Re8 56. Kd3 Re7 57. Kd4 Re2 58. Kd3
Rh2 59. Ke3 Kh5 60. Kf3 Rh3+ 61. Kg2 Kg4 62. Ra1 Rg3+ 63. Kh2 Re3 64. Rg1+ Kf4
65. Rf1+ Rf3 66. Ra1 Rf2+ 67. Kg1 Kg3 68. Ra3+ Rf3 69. Ra2 Rb3 70. Rg2+ Kf4
1/2-1/2

[Event "34. Torneo Internacional La Roda"]
[Site "La Roda ESP"]
[Date "2007.04.05"]
[Round "3.10"]
[White "Koziak, Vitali"]
[Black "Garcia Romero, Benjamin Abel"]
[Result "1/2-1/2"]
[WhiteElo "2461"]
[BlackElo "2263"]
[PlyCount "76"]
[EventDate "2007.04.04"]
[EventType "swiss"]
[EventRounds "9"]
[EventCountry "ESP"]
[Source "lmi"]
[SourceDate "2007.04.04"]

1. d4 e6 2. e4 d5 3. exd5 exd5 4. Nf3 Nf6 5. Bd3 Be7 6. h3 O-O 7. O-O Nc6 8. a3
h6 9. c4 dxc4 10. Bxc4 Bf5 11. d5 Nb8 12. Qb3 Nbd7 13. Nc3 Nc5 14. Qa2 Nfe4 15.
Be3 a6 16. Rad1 Bd6 17. Bd4 b5 18. Be2 Re8 19. Rfe1 Nxc3 20. bxc3 Be4 21. Kf1
c6 22. dxc6 Qc7 23. Bxc5 Bxc5 24. Rd7 Qf4 25. Qd2 Qxd2 26. Nxd2 Bxc6 27. Rc7
Rac8 28. Rxc8 Rxc8 29. Ra1 Be7 30. c4 bxc4 31. Nxc4 Bb5 32. Ne3 Bf6 33. Rb1
Bxe2+ 34. Kxe2 Rc3 35. a4 Ra3 36. Rb4 a5 37. Re4 Ra2+ 38. Kf3 Rd2 1/2-1/2

[Event "34. Torneo Internacional La Roda"]
[Site "La Roda ESP"]
[Date "2007.04.05"]
[Round "3.11"]
[White "Serna Lara, Sergio"]
[Black "Petkov, Vladimir"]
[Result "1/2-1/2"]
[WhiteElo "2251"]
[BlackElo "2456"]
[PlyCount "151"]
[EventDate "2007.04.04"]
[EventType "swiss"]
[EventRounds "9"]
[EventCountry "ESP"]
[Source "lmi"]
[SourceDate "2007.04.04"]

1. d4 Nf6 2. c4 e6 3. Nc3 Bb4 4. e3 O-O 5. Bd3 d5 6. cxd5 exd5 7. Nge2 Re8 8.
Bd2 a5 9. f3 c5 10. O-O b6 11. Re1 Ba6 12. Bf5 Nc6 13. Rc1 a4 14. Nb1 Qe7 15.
Ng3 Bc4 16. b3 axb3 17. axb3 Ba6 18. Bxb4 Nxb4 19. Nc3 g6 20. Bb1 h5 21. Nh1
Nd7 22. Nf2 Qf6 23. Na4 Bb5 24. Nc3 Bc6 25. Nd3 cxd4 26. Nxb4 dxc3 27. Qd3 Bb7
28. Qxc3 Qxc3 29. Rxc3 Nc5 30. Nc2 Ne6 31. Kf2 Rec8 32. Rxc8+ Rxc8 33. Nd4 Kg7
34. Re2 Rc1 35. Rb2 Ba6 36. Ne2 Rh1 37. h3 Bxe2 38. Kxe2 h4 39. b4 Rg1 40. Kf2
Rc1 41. Ba2 Nc7 42. Rd2 Na6 43. Rb2 Nc7 44. Rd2 Nb5 45. f4 Nc3 46. Bxd5 Rb1 47.
Rd3 Nxd5 48. Rxd5 Rxb4 49. Rd6 Rb2+ 50. Kf3 b5 51. Rb6 f5 52. g4 b4 53. Rb5 Kf6
54. Rb6+ Kf7 55. Rb7+ Ke6 56. Rb6+ Kd5 57. Rxg6 fxg4+ 58. Rxg4 b3 59. Rxh4 Rf2+
60. Kxf2 b2 61. Rh5+ Kc4 62. Re5 b1=Q 63. h4 Qh1 64. Kg3 Kd3 65. Kg4 Qg2+ 66.
Kf5 Qh3+ 67. Kg5 Qg3+ 68. Kf6 Qxh4+ 69. Ke6 Qh8 70. Kf7 Qh7+ 71. Kf6 Ke2 72.
Ke6 Qg6+ 73. Kd7 Qf7+ 74. Kd6 Kf3 75. Kc6 Qa7 76. Kd6 1/2-1/2